| 000 | 01120naa a22003137a 4500 | ||
|---|---|---|---|
| 001 | BR4200154 | ||
| 003 | BR-BrBNA | ||
| 005 | 20240918172805.0 | ||
| 007 | ta | ||
| 008 | 230509b bl.||||| |||| 00| 0 por d | ||
| 040 |
_aBR-BrBNA _bpor _cBiblioteca Nacional de Agricultura |
||
| 041 | _a(Pt) | ||
| 072 |
_aP10 _b/G514 _bGZ65 |
||
| 090 | _aP10 BR4200154 | ||
| 100 | 1 | _aSouza, A.J.A. de | |
| 111 | 1 |
_a9. Congresso Brasileiro de Geografia _cFlorianopolis, SC (Brazil) _d7 Sep 1940 |
|
| 245 | 1 | _aRegime dos cursos de aguas no Brasil pela Divisao de Aguas do Ministerio da Agricultura | |
| 260 | 3 |
_aRio de Janeiro, GB (Brasil): _c1942. |
|
| 500 | _aAnais do 9. Congresso Brasileiro de Geografia Rio de Janeiro, GB (Brasil): 1942. p. 551-555 (BR4200154-AM)P10 | ||
| 650 | _aRecurso hidrico | ||
| 650 | _aRecurso natural | ||
| 650 | _aAgua | ||
| 650 | _aRio | ||
| 650 | _aBacia hidrografica | ||
| 650 | _aFluviometria | ||
| 773 | 0 |
_tAnais do 9. Congresso Brasileiro de Geografia _b _wP10 BR4200154 _gRio de Janeiro, GB (Brasil), 1942. p. 551-555 |
|
| 909 |
_a202404 _bLucia _c55 _dLucia Elande |
||
| 942 |
_cAM _2AGRIS |
||
| 999 |
_c301515 _d301515 |
||